| 000 | 01256nam a2200325Ia 4500 | ||
|---|---|---|---|
| 001 | ebr10448338 | ||
| 003 | CaPaEBR | ||
| 006 | m u | ||
| 007 | cr cn||||||||| | ||
| 008 | 090430s2008 enk s 001 0 eng d | ||
| 020 | _z9781847194824 | ||
| 040 |
_aCaPaEBR _cCaPaEBR |
||
| 035 | _a(OCoLC)324989158 | ||
| 050 | 1 | 4 |
_aQA76.76.T48 _bL38 2008eb |
| 082 | 0 | 4 |
_a005.1/4 _222 |
| 100 | 1 | _aLavers, Tim. | |
| 245 | 1 | 0 |
_aSwing extreme testing _h[electronic resource] : _bthe extreme approach to complete Java application testing / _cTim Lavers, Lindsay Peters. |
| 260 |
_aBirmingham, U.K. : _bPackt Publishing Ltd., _c2008. |
||
| 300 | _avi, 306 p. | ||
| 500 | _aIncludes index. | ||
| 533 |
_aElectronic reproduction. _bPalo Alto, Calif. : _cebrary, _d2011. _nAvailable via World Wide Web. _nAccess may be limited to ebrary affiliated libraries. |
||
| 630 | 0 | 0 | _aSwing (Computer file) |
| 650 | 0 |
_aComputer software _xTesting. |
|
| 650 | 0 | _aeXtreme programming. | |
| 650 | 0 | _aJava (Computer program language) | |
| 655 | 7 |
_aElectronic books. _2local |
|
| 700 | 1 | _aPeters, Lindsay. | |
| 710 | 2 | _aebrary, Inc. | |
| 856 | 4 | 0 |
_uhttp://site.ebrary.com/lib/rucke/Doc?id=10448338 _zAn electronic book accessible through the World Wide Web; click to view |
| 999 |
_c247588 _d247588 |
||